00577nam a2200169Ia 4500008004100000041000800041082001900049100001600068245002700084250000900111260004800120300000800168650003000176700002900206999001700235952015500252220803s9999 xx 000 0 und d aeng a891.46 ANA/OSH aOsho914939 aOsho : Ek Omkar Satnam a2nd  aPunebJeevan Jagruti Kendra Prakashanc1993 a64p aMarathi Literature914940 aAnand Vandana Ed.914941 c11128d11128 00104070aBNCAbBNCAd2002-08-22eJeevan Jagruti Kendrag13.00l0o891.46 ANA/OSHpBNCA-BK-3207r2022-08-03 00:00:00v15.00w2002-08-22yBKzB003207